书目信息 |
| 题名: |
建筑工程冬期施工规程
|
|
| 作者: | 黑龙江省寒地建筑研究院 | |
| 分册: | ||
| 出版信息: | 北京 中国建筑工业出版社 1998.05 |
|
| 页数: | 143页 | |
| 开本: | 32开 | |
| 丛书名: | ||
| 单 册: | ||
| 中图分类: | TU742-65 | |
| 科图分类: | ||
| 主题词: | 建筑工程--工程施工--技术 | |
| 电子资源: | ||
| ISBN: | ||
| 000 | 00632nam0 2200193 45 | |
| 001 | 0003151151 | |
| 005 | 20000614153821.5 | |
| 010 | @d15.00元 | |
| 100 | @a20000315d1998 km y0chiy0120 ea | |
| 101 | @achi | |
| 105 | @a z 000yy | |
| 200 | 1 | @a建筑工程冬期施工规程@AJian Zhu Gong Cheng Dong Qi Shi Gong Gui Cheng@f黑龙江省寒地建筑研究院@FHei Long Jiang Sheng Han Di Jian Zhu Yan Jiu Yuan |
| 210 | @a北京@c中国建筑工业出版社@d1998.05 | |
| 215 | @a143页@d32开 | |
| 606 | 0 | @a建筑工程@x工程施工@x技术 |
| 690 | @aTU742-65@v3 | |
| 701 | @a黑龙江省寒地建筑研究院 | |
| 801 | @aCN@bPftUser@c20000315 | |
| 905 | @dTU742-65@eH:349@b201735@f1 | |
| 建筑工程冬期施工规程/黑龙江省寒地建筑研究院.-北京:中国建筑工业出版社,1998.05 |
| 143页;32开 |
| ISBN :15.00元 |
| ● |
| 相关链接 |
|
|
|
正题名:建筑工程冬期施工规程
索取号:TU742-65/H:349
 
预约/预借
| 序号 | 登录号 | 条形码 | 馆藏地/架位号 | 状态 | 备注 |
| 1 | 201735 | 202017352 | 建筑库201/ [索取号:TU742-65/H:349] | 在馆 |